000 00664nam a2200181Ia 4500
005 20250508160239.0
008 008 250505s9999 xx 000 0 eng d
037 _aBooks to be hide in OPAC
040 _aFEDL
_beng
_cFEDL
041 _aeng
_2eng
084 _a370.7, NCE/O
_qFEDL
245 0 _aReport on a follow-up service study of trained graduate teachers: A research project sancitioned by the National Council of Educational Research and Training New Delhi
245 0 _cNCERT (New Delhi)
260 _aMadurai, India
_bThiagarajar College of Preceptors
_c1964
300 _a61p.
942 _cHB
_h370.7, NCE/O
999 _c1363039
_d1363039